[Event "78th ch-ESP 2013"]
[Site "Linares ESP"]
[Date "2013.09.04"]
[Round "7.8"]
[White "Navarro Lopez-Menchero, Daniel"]
[Black "Perez Mitjans, Orelvis"]
[Result "1/2-1/2"]
[WhiteElo "2318"]
[BlackElo "2475"]
[PlyCount "156"]
[EventDate "2013.08.29"]

1. e4 e6 2. d4 d5 3. Nc3 Bb4 4. e5 c5 5. a3 Bxc3+ 6. bxc3 Qa5 7. Bd2 Qa4 8. Qb1
c4 9. Nh3 Nc6 10. Be2 Nge7 11. O-O b6 12. f4 Bd7 13. Nf2 O-O-O 14. Ng4 Rdf8 15.
Ne3 f6 16. Qb2 f5 17. g4 fxg4 18. Bxg4 g6 19. Bh3 h5 20. Be1 h4 21. Ng4 Ng8 22.
Bd2 Nce7 23. Qb4 Qxc2 24. Rf2 Qa4 25. Qxa4 Bxa4 26. Ne3 Kd7 27. Rff1 Nh6 28.
Rab1 Nef5 29. Bxf5 Nxf5 30. Ng4 Bc2 31. Rb2 Bd3 32. Re1 Ne7 33. Nf6+ Kc6 34.
Kf2 Nf5 35. Rg1 Nd6 36. Ra2 Ne4+ 37. Nxe4 Bxe4 38. Raa1 Rb8 39. Ke3 h3 40. Rg3
Bf5 41. Ke2 b5 42. Kd1 Be4 43. Kc1 Kd7 44. Kb2 Ke7 45. Re1 Kf7 46. Ree3 Bg2 47.
Re2 Kg7 48. Rf2 Rbf8 49. Bc1 Rf5 50. Bd2 Rh4 51. Be3 Kh6 52. Kc1 Kg7 53. Bd2
Rh8 54. Kb2 Kh6 55. Be3 Kh5 56. Bd2 Rhf8 57. Be3 g5 58. Rxg5+ Rxg5 59. fxg5
Rxf2+ 60. Bxf2 Kxg5 61. Kc1 Kf4 62. Kd2 Be4 63. Be1 Kf3 64. Bh4 Bg6 65. Be1 a5
66. Bh4 Be8 67. Be1 Ke4 68. Bh4 b4 69. axb4 axb4 70. Be1 Ba4 71. Bh4 Bb5 72.
Be1 b3 73. Kc1 Kd3 74. Kb2 Be8 75. Bh4 Kd2 76. Bg3 Kd3 77. Bh4 Kd2 78. Bg3 Kd3
1/2-1/2

[Event "78th ch-ESP 2013"]
[Site "Linares ESP"]
[Date "2013.09.04"]
[Round "7.11"]
[White "Hernandez Estevez, Yudania"]
[Black "Teran Alvarez, Ismael"]
[Result "1/2-1/2"]
[WhiteElo "2230"]
[BlackElo "2422"]
[PlyCount "37"]
[EventDate "2013.08.29"]

1. e4 g6 2. d4 Bg7 3. Nc3 c6 4. Nf3 d6 5. h3 Nf6 6. g3 O-O 7. Bg2 Qc7 8. O-O e5
9. b3 b5 10. Re1 a6 11. Bb2 Re8 12. a4 exd4 13. Qxd4 Nh5 14. Qd2 Bb7 15. Ba3
Qa5 16. Bb2 Qc7 17. Ba3 Qa5 18. Bb2 Qc7 19. Ba3 1/2-1/2

[Event "78th ch-ESP 2013"]
[Site "Linares ESP"]
[Date "2013.09.04"]
[Round "7.15"]
[White "Sos Andreu, Eric"]
[Black "Vega Gutierrez, Sabrina"]
[Result "1/2-1/2"]
[WhiteElo "2229"]
[BlackElo "2402"]
[PlyCount "80"]
[EventDate "2013.08.29"]

1. c4 e5 2. g3 Nf6 3. Bg2 d5 4. cxd5 Nxd5 5. Nc3 Nb6 6. Nf3 Nc6 7. O-O Be7 8.
d3 O-O 9. Be3 Bg4 10. a4 a5 11. Rc1 Re8 12. Ne4 Nd4 13. Bxd4 exd4 14. h3 Be6
15. Kh2 f5 16. Nc5 Bxc5 17. Rxc5 Qd6 18. Qc2 c6 19. Ng5 Nd7 20. Nxe6 Qxe6 21.
Rc4 Qxe2 22. Qb3 Kh8 23. Rxd4 Ne5 24. Kg1 Re7 25. Qb6 Rae8 26. Rd8 f4 27. Rxe8+
Rxe8 28. gxf4 Nxd3 29. Qxb7 Nxf4 30. Qxc6 h6 31. Qf3 Qe5 32. Rd1 Rf8 33. Qe3
Qxb2 34. Qc5 Qf6 35. Rd6 Ne2+ 36. Kf1 Ng3+ 37. Kg1 Ne2+ 38. Kf1 Ng3+ 39. Kg1
Ne2+ 40. Kf1 Ng3+ 1/2-1/2

[Event "78th ch-ESP 2013"]
[Site "Linares ESP"]
[Date "2013.09.04"]
[Round "7.16"]
[White "Matnadze, Ana"]
[Black "Bazan Solera, Manuel"]
[Result "1-0"]
[WhiteElo "2390"]
[BlackElo "2007"]
[PlyCount "81"]
[EventDate "2013.08.29"]

1. d4 d5 2. g3 Nf6 3. Bg2 Bf5 4. Nf3 h6 5. O-O e6 6. Ne5 Bd6 7. Nd3 O-O 8. c3
Nbd7 9. Bf4 Bxf4 10. gxf4 Ne4 11. Nd2 f6 12. Nxe4 dxe4 13. Ne1 Nb6 14. e3 Qe8
15. h3 g5 16. fxg5 hxg5 17. f3 Qg6 18. fxe4 Bxe4 19. Qg4 Bf5 20. Qe2 Be4 21.
Rf2 Kg7 22. Qg4 Bf5 23. Qg3 c6 24. a4 Rf7 25. a5 Nd5 26. c4 Ne7 27. a6 bxa6 28.
Rxa6 Be4 29. h4 Nf5 30. Bxe4 Nxg3 31. Bxg6 Kxg6 32. Rxc6 Rh8 33. Rxe6 Rxh4 34.
Nf3 Rh1+ 35. Kg2 Rfh7 36. Kxg3 Kf5 37. d5 R7h3+ 38. Kg2 Kg4 39. Rxf6 Kh5 40.
Rf5 Kh6 41. Rxg5 1-0

[Event "78th ch-ESP 2013"]
[Site "Linares ESP"]
[Date "2013.09.04"]
[Round "7.17"]
[White "Sanchez Aller, Fernando"]
[Black "Ruiz Sanchez, Miguel Angel"]
[Result "1-0"]
[WhiteElo "2320"]
[BlackElo "2221"]
[PlyCount "75"]
[EventDate "2013.08.29"]

1. e4 e6 2. d4 d5 3. Nc3 Bb4 4. e5 c5 5. a3 Bxc3+ 6. bxc3 Qa5 7. Bd2 Qa4 8. h4
Nc6 9. h5 h6 10. Nf3 Nge7 11. Rh4 c4 12. Rf4 Bd7 13. Qb1 b6 14. g4 g5 15. hxg6
Nxg6 16. Rf6 Rh7 17. Qc1 Nce7 18. Bxh6 Ng8 19. Rxg6 fxg6 20. Bg5 Bc8 21. Nh4
Ne7 22. Bxe7 Rxe7 23. Nxg6 Rg7 24. Nf4 Rxg4 25. Nh5 Rg6 26. Kd2 Bd7 27. Nf6+
Ke7 28. Be2 Rh8 29. Bh5 Rg5 30. Qh1 Rf5 31. Qh4 Kd8 32. Nxd5+ Kc8 33. Ne7+ Kc7
34. Nxf5 exf5 35. Qg5 Qc6 36. Rg1 Qe4 37. Re1 Qd5 38. e6 1-0

[Event "78th ch-ESP 2013"]
[Site "Linares ESP"]
[Date "2013.09.04"]
[Round "7.19"]
[White "Juan Delgado, Adrian"]
[Black "Quintin Navarro, Alberto"]
[Result "0-1"]
[WhiteElo "1865"]
[BlackElo "2241"]
[PlyCount "146"]
[EventDate "2013.08.29"]

1. d4 Nf6 2. c4 c5 3. d5 e5 4. Nc3 d6 5. e4 g6 6. Bd3 Nbd7 7. Nge2 h5 8. Bg5
Be7 9. Qd2 Nxd5 10. Bxe7 Nxe7 11. Nb5 Nb6 12. Qg5 Be6 13. b3 a6 14. Nbc3 Nc6
15. Qd2 Qe7 16. O-O O-O 17. Qh6 Qf6 18. f4 exf4 19. Rxf4 Qg7 20. Qg5 Nd4 21.
Raf1 Bg4 22. Rf6 Bxe2 23. Nxe2 Ne6 24. Qg3 Nd7 25. R6f2 Ne5 26. Nf4 Nxf4 27.
Rxf4 Rae8 28. Be2 Re6 29. Rd1 Nc6 30. Rf2 Nd4 31. Bd3 Rf6 32. Rdf1 Rxf2 33.
Rxf2 Qe5 34. Qh3 Ne6 35. g3 Qd4 36. Bc2 Qa1+ 37. Kg2 Qe5 38. Kg1 Ng5 39. Qd7
Qe6 40. Qxe6 fxe6 41. Rxf8+ Kxf8 42. h4 Nf3+ 43. Kf2 Ne5 44. Ke3 Ke7 45. Kf4
Kf6 46. a4 Nc6 47. Bd1 g5+ 48. hxg5+ Kg6 49. Bf3 Nd4 50. Bd1 e5+ 51. Ke3 Kxg5
52. Kd3 h4 53. gxh4+ Kxh4 54. Kc3 Kg5 55. b4 b6 56. bxc5 dxc5 57. Kd3 Kf4 58.
Bh5 Nc6 59. Bg6 Nb4+ 60. Kd2 a5 61. Bh7 Nc6 62. Bg6 Ne7 63. Bh7 Kg5 64. Ke3 Kh6
65. Bf5 Nxf5+ 66. exf5 Kg5 67. Ke4 Kf6 68. Kd5 Kxf5 69. Kc6 e4 70. Kxb6 e3 71.
Kxa5 Ke5 72. Kb6 Kd4 73. a5 e2 0-1

[Event "78th ch-ESP 2013"]
[Site "Linares ESP"]
[Date "2013.09.04"]
[Round "7.20"]
[White "Larino Nieto, David"]
[Black "Galvez Extremera, Francisco"]
[Result "1-0"]
[WhiteElo "2491"]
[BlackElo "2180"]
[PlyCount "39"]
[EventDate "2013.08.29"]

1. d4 Nf6 2. Nf3 g6 3. Bg5 Bg7 4. Nbd2 d6 5. e4 O-O 6. Bd3 Nbd7 7. Nc4 d5 8.
exd5 Nxd5 9. Qd2 c5 10. Bh6 Qc7 11. h4 e5 12. h5 exd4 13. hxg6 Re8+ 14. Kd1
Ne3+ 15. fxe3 Bxh6 16. gxf7+ Kxf7 17. Rxh6 dxe3 18. Ke1 Nb8 19. Bf1 Rh8 20. Ng1
1-0

[Event "78th ch-ESP 2013"]
[Site "Linares ESP"]
[Date "2013.09.04"]
[Round "7.21"]
[White "Alvarez Fernandez, Enrique"]
[Black "Arboledas Fernandez, Antonio A"]
[Result "1/2-1/2"]
[WhiteElo "2385"]
[BlackElo "2149"]
[PlyCount "101"]
[EventDate "2013.08.29"]

1. d4 e6 2. Nf3 Nf6 3. Bf4 c5 4. e3 d5 5. c3 Nc6 6. Nbd2 Bd6 7. Bg3 O-O 8. Bd3
Re8 9. Ne5 Bf8 10. f4 g6 11. Bh4 cxd4 12. exd4 Be7 13. O-O Nd7 14. Bxe7 Qxe7
15. Bb5 Ndb8 16. Qa4 Qc7 17. Nb3 f6 18. Ng4 Kg7 19. Nc5 h5 20. Ne3 Nd7 21. Nd3
a6 22. Bxc6 bxc6 23. Rae1 a5 24. Rf2 Ba6 25. Qd1 Bxd3 26. Qxd3 f5 27. Nf1 Nf6
28. Nd2 Rab8 29. b3 c5 30. c4 Ne4 31. Nxe4 dxe4 32. Qc3 cxd4 33. Qxd4+ e5 34.
Qb2 Rbd8 35. fxe5 Qxe5 36. Qxe5+ Rxe5 37. Rc2 Rc5 38. Ree2 Kf6 39. Red2 Rxd2
40. Rxd2 Ke5 41. Rd8 f4 42. Kf2 a4 43. Ra8 axb3 44. axb3 Kd4 45. g3 g5 46. Rd8+
Kc3 47. Rd5 Kb4 48. Ke2 e3 49. gxf4 Rxd5 50. cxd5 Kc5 51. b4+ 1/2-1/2

[Event "78th ch-ESP 2013"]
[Site "Linares ESP"]
[Date "2013.09.04"]
[Round "7.22"]
[White "Arroyo Rodriguez, Jesus"]
[Black "Chueca Forcen, Alberto"]
[Result "0-1"]
[WhiteElo "2054"]
[BlackElo "2313"]
[PlyCount "68"]
[EventDate "2013.08.29"]

1. d4 d5 2. Nf3 c5 3. e3 cxd4 4. exd4 Nf6 5. Bd3 Bg4 6. h3 Bh5 7. Bf4 Nc6 8. c3
e6 9. Qb3 Qc8 10. Nbd2 Be7 11. O-O O-O 12. Rfe1 Bg6 13. Bxg6 hxg6 14. Re2 Rd8
15. Rae1 Bd6 16. Bxd6 Rxd6 17. Ne5 Qc7 18. Re3 Rb8 19. Qd1 Nd7 20. Qg4 b5 21.
Ndf3 Ncxe5 22. dxe5 Rc6 23. h4 b4 24. h5 Nf8 25. Ng5 Rc4 26. f4 bxc3 27. bxc3
Rxc3 28. hxg6 Nxg6 29. Nxf7 Rxe3 30. Nh6+ Kh7 31. Rxe3 Qc1+ 32. Kf2 Qc3 33. Qd1
Qc4 34. Ke1 Rh8 0-1

[Event "78th ch-ESP 2013"]
[Site "Linares ESP"]
[Date "2013.09.04"]
[Round "7.23"]
[White "De Prado Rodriguez, Oscar Bruno"]
[Black "Vega Gutierrez, Belinda"]
[Result "0-1"]
[WhiteElo "2251"]
[BlackElo "2148"]
[PlyCount "198"]
[EventDate "2013.08.29"]

1. d4 d5 2. Bf4 Nf6 3. e3 Bf5 4. c4 c6 5. Nc3 e6 6. Qb3 Qc8 7. Rc1 Be7 8. cxd5
Nxd5 9. Bxb8 Rxb8 10. e4 Nxc3 11. exf5 Nd5 12. Bc4 O-O 13. Ne2 Rd8 14. O-O Bg5
15. f4 Bf6 16. fxe6 Qxe6 17. Kh1 Qd7 18. Rcd1 Nb6 19. Bd3 Re8 20. a4 Nd5 21.
Rf3 a5 22. Bc4 Nb4 23. h3 Re4 24. d5 cxd5 25. Ng3 Rd4 26. Rxd4 Bxd4 27. Bb5 Qc7
28. Nf5 Qc1+ 29. Rf1 Qxb2 30. Qg3 Bf6 31. Nh6+ Kf8 32. Ng4 Rc8 33. f5 h5 34.
Ne3 Qe5 35. Qf3 Rc3 36. Qxh5 Qxe3 37. Qh8+ Ke7 38. Qe8+ Kd6 39. Qd7+ Kc5 40.
Qc7+ Kd4 41. Rf4+ Qe4 42. Qb6+ Ke5 43. Rxe4+ Kxe4 44. Qf2 Nc2 45. Be2 Ne3 46.
Qf3+ Kd4 47. Qf4+ Kc5 48. g4 Bd4 49. Qc7+ Kb4 50. Qxb7+ Ka3 51. Qb1 Rc2 52. Bd1
Rc3 53. Qa1+ Kb4 54. Qb2+ Kc5 55. Bf3 Be5 56. h4 f6 57. g5 Rc2 58. Qb5+ Kd4 59.
Qb6+ Kd3 60. Qb5+ Kd4 61. Qb6+ Kd3 62. Qb1 Kd2 63. gxf6 gxf6 64. h5 Bf4 65. h6
Bxh6 66. Kh2 Bf4+ 67. Kh3 Kc3 68. Qe1+ Kd3 69. Qb1 Kc3 70. Qe1+ Kd3 71. Qb1 Kc3
72. Qe1+ Kd3 73. Qb1 Kd4 74. Qb6+ Ke5 75. Qe6+ Kd4 76. Qb6+ Ke5 77. Qe6+ Kd4
78. Qxf6+ Kc5 79. Qe7+ Kb6 80. Qd8+ Ka6 81. Qf6+ Kb7 82. Bxd5+ Nxd5 83. Qd4 Rd2
84. Qg7+ Kc6 85. Qg6+ Kc5 86. Qa6 Kd4 87. f6 Ke4 88. Qe6+ Be5 89. Qc8 Rh2+ 90.
Kg4 Nxf6+ 91. Kg5 Rg2+ 92. Kh4 Nd5 93. Qc4+ Bd4 94. Qf1 Ne3 95. Qb1+ Kf4 96.
Kh5 Rg8 97. Qb5 Be5 98. Qe2 Rg5+ 99. Kh4 Rg2 0-1

[Event "78th ch-ESP 2013"]
[Site "Linares ESP"]
[Date "2013.09.04"]
[Round "7.24"]
[White "Aranaz Murillo, Amalia"]
[Black "Pena Torres, Jose Carlos"]
[Result "1-0"]
[WhiteElo "2246"]
[BlackElo "2091"]
[PlyCount "89"]
[EventDate "2013.08.29"]

1. g3 e5 2. c4 Nf6 3. Bg2 d6 4. Nf3 Be7 5. O-O Nc6 6. Nc3 O-O 7. d3 Bg4 8. h3
Bd7 9. Bd2 Re8 10. Nd5 h6 11. b4 Qc8 12. Kh2 Nd8 13. e4 c6 14. Ne3 Nh7 15. Rc1
Ne6 16. Nf5 Neg5 17. N3h4 Bf8 18. f4 Ne6 19. Qg4 Kh8 20. fxe5 dxe5 21. Nxh6
gxh6 22. Rxf7 Neg5 23. Qxd7 Nxf7 24. Qxf7 Re6 25. Ng6+ Rxg6 26. Qxg6 Qe8 27.
Qg4 Rd8 28. Qf3 Ng5 29. Bxg5 hxg5 30. Rf1 Qg6 31. a3 a5 32. bxa5 Bxa3 33. Qg4
Rf8 34. Rf5 Rxf5 35. exf5 Qf6 36. Be4 Bb4 37. Qh5+ Kg7 38. Qe8 Bxa5 39. Qa8 b6
40. c5 Qe7 41. Qxc6 Qxc5 42. Qd7+ Kf8 43. Qd8+ Kf7 44. Bd5+ Kg7 45. Qg8+ 1-0

[Event "78th ch-ESP 2013"]
[Site "Linares ESP"]
[Date "2013.09.04"]
[Round "7.25"]
[White "Martinez Lopez, David"]
[Black "Nicolas Zapata, Javier"]
[Result "1-0"]
[WhiteElo "2238"]
[BlackElo "2084"]
[PlyCount "59"]
[EventDate "2013.08.29"]

1. e4 c5 2. Nf3 e6 3. d4 cxd4 4. Nxd4 Nf6 5. Nc3 d6 6. Bc4 Be7 7. O-O O-O 8.
Bb3 Na6 9. f4 Nc5 10. Qf3 a5 11. a4 e5 12. Ndb5 Nxb3 13. cxb3 Be6 14. fxe5 dxe5
15. Qg3 Bxb3 16. Qxe5 Bc4 17. Rf3 Re8 18. Qf5 g6 19. Qf4 Nxe4 20. Nxe4 Qd1+ 21.
Rf1 Bxf1 22. Nbc3 Qc2 23. Qxf1 f5 24. Qc4+ Kg7 25. Qd4+ Kg8 26. Bh6 Bf8 27.
Nf6+ Kf7 28. Nxe8 Kxe8 29. Qd1 Qc1 30. Nb1 1-0

[Event "78th ch-ESP 2013"]
[Site "Linares ESP"]
[Date "2013.09.04"]
[Round "7.27"]
[White "Navarrete Espi, Samuel"]
[Black "Roman Lopez, Jesus"]
[Result "1-0"]
[WhiteElo "2214"]
[BlackElo "1914"]
[PlyCount "65"]
[EventDate "2013.08.29"]

1. e4 e5 2. Nc3 Nc6 3. Bc4 Nf6 4. d3 Bc5 5. a3 d6 6. Nf3 Bg4 7. h3 Bxf3 8. Qxf3
Nd4 9. Qd1 c6 10. Ba2 O-O 11. Bg5 Re8 12. Qd2 b5 13. Ne2 d5 14. Ng3 Be7 15. c3
Ne6 16. Nf5 dxe4 17. Bxe6 fxe6 18. Nxe7+ Rxe7 19. Bxf6 gxf6 20. dxe4 Rd7 21.
Qe2 Qe8 22. O-O Rad8 23. Rad1 c5 24. Qxb5 Qe7 25. Rxd7 Rxd7 26. b4 cxb4 27.
axb4 h6 28. Ra1 Kh7 29. Kh2 Qg7 30. Ra6 Rc7 31. Qa5 h5 32. c4 h4 33. Rxe6 1-0

[Event "78th ch-ESP 2013"]
[Site "Linares ESP"]
[Date "2013.09.04"]
[Round "7.28"]
[White "Lopez Mulet, Inigo"]
[Black "Zamarbide Inarrea, Daniel"]
[Result "1-0"]
[WhiteElo "2120"]
[BlackElo "2213"]
[PlyCount "95"]
[EventDate "2013.08.29"]

1. d4 b6 2. c4 Bb7 3. Nf3 f5 4. g3 g6 5. Bg2 Bg7 6. O-O Nh6 7. Nc3 Nf7 8. c5
O-O 9. Rb1 bxc5 10. dxc5 Na6 11. Be3 Bc6 12. Qd3 Nb4 13. Qd2 e6 14. a3 Nd5 15.
Nxd5 Bxd5 16. Ng5 Bxg2 17. Kxg2 Qe7 18. Nxf7 Rxf7 19. Rfd1 e5 20. Qd5 c6 21.
Qc4 g5 22. Bd2 g4 23. Be1 Kh8 24. Rd6 Rg8 25. Rbd1 Qe8 26. Bc3 f4 27. Qe4 f3+
28. exf3 gxf3+ 29. Kg1 Rgf8 30. Qg4 e4 31. Rxd7 Bxc3 32. Rxf7 Qxf7 33. bxc3 Qf5
34. Qh4 Rf6 35. g4 Qf4 36. Qg3 Qg5 37. Qb8+ Kg7 38. Qg3 e3 39. fxe3 f2+ 40. Kf1
Qxc5 41. e4 Qb5+ 42. Qd3 Qe5 43. Qe3 h6 44. g5 hxg5 45. Qh3 Rf7 46. Rd8 Qb5+
47. Qd3 Qxd3+ 48. Rxd3 1-0

[Event "78th ch-ESP 2013"]
[Site "Linares ESP"]
[Date "2013.09.04"]
[Round "7.29"]
[White "Silva Rodriguez, Julio"]
[Black "Redondo Benavente, Jose Carlos"]
[Result "1-0"]
[WhiteElo "2198"]
[BlackElo "1789"]
[PlyCount "139"]
[EventDate "2013.08.29"]

1. e4 e5 2. Nf3 Nc6 3. Bb5 d6 4. d4 Bd7 5. Nc3 exd4 6. Nxd4 g6 7. Nd5 Bg7 8.
Nf3 h6 9. O-O Nf6 10. Bd3 O-O 11. h3 Re8 12. Nc3 Be6 13. Bf4 d5 14. e5 Nd7 15.
Re1 a6 16. Bf1 Ne7 17. Nd4 c5 18. Nxe6 fxe6 19. Qg4 Nf8 20. Na4 Rc8 21. c4 d4
22. b3 Nf5 23. Bd3 b6 24. Be4 Rb8 25. Nb2 Qe7 26. Nd3 Rec8 27. Qf3 Rc7 28. Bh2
Nh7 29. Nf4 Qf7 30. Nxe6 Re7 31. Nxg7 Ng5 32. Qd3 Qxg7 33. f4 Nxe4 34. Qxe4
Rbe8 35. Rab1 Qf7 36. Rb2 Qe6 37. Rf2 Ng7 38. g4 Rf8 39. Ref1 Ref7 40. Qd5 Kh7
41. f5 gxf5 42. Qxe6 Nxe6 43. gxf5 Ng5 44. Kg2 Rg8 45. e6 Nxe6+ 46. Kh1 Ng5 47.
h4 Ne4 48. Re2 Ng3+ 49. Bxg3 Rxg3 50. Kh2 Rg8 51. Re6 Rgf8 52. Rxb6 Rxf5 53.
Rxf5 Rxf5 54. Rxa6 d3 55. Rd6 Rf2+ 56. Kg3 Rxa2 57. Rxd3 Rb2 58. Kg4 Rg2+ 59.
Kh5 Rb2 60. Rd7+ Kg8 61. Rb7 Rh2 62. Kg6 Kf8 63. h5 Rh3 64. Kxh6 Ke8 65. Kg6
Rg3+ 66. Kh7 Rh3 67. h6 Kf8 68. Kg6 Rg3+ 69. Kf5 Kg8 70. Rg7+ 1-0

[Event "78th ch-ESP 2013"]
[Site "Linares ESP"]
[Date "2013.09.04"]
[Round "7.30"]
[White "Vella Ramirez, Alfonso"]
[Black "Ruiz Sanchez, Andres"]
[Result "1/2-1/2"]
[WhiteElo "2087"]
[BlackElo "2191"]
[PlyCount "44"]
[EventDate "2013.08.29"]

1. f4 e6 2. Nf3 d5 3. b3 f5 4. Bb2 Nf6 5. e3 Bd6 6. g3 O-O 7. Bg2 Nbd7 8. O-O
Qe7 9. d4 b6 10. c4 Bb7 11. Nc3 c6 12. h3 Rfd8 13. Kh2 Rac8 14. Ne5 Ne4 15.
Nxe4 dxe4 16. Nxd7 Rxd7 17. Qh5 g6 18. Qe2 Ba3 19. Bc3 Bb4 20. Bb2 Ba3 21. Bc3
Bb4 22. Bb2 Ba3 1/2-1/2

[Event "78th ch-ESP 2013"]
[Site "Linares ESP"]
[Date "2013.09.05"]
[Round "8.2"]
[White "Perez Candelario, Manuel"]
[Black "Arizmendi Martinez, Julen Luis"]
[Result "1/2-1/2"]
[WhiteElo "2569"]
[BlackElo "2577"]
[PlyCount "63"]
[EventDate "2013.08.29"]

1. e4 e5 2. Nf3 Nc6 3. Bb5 a6 4. Ba4 Nf6 5. O-O Be7 6. Re1 b5 7. Bb3 d6 8. c3
O-O 9. h3 h6 10. d4 Re8 11. Nbd2 Bf8 12. Nf1 Bd7 13. Ng3 Na5 14. Bc2 Nc4 15. b3
Nb6 16. Be3 c5 17. Qd2 a5 18. d5 a4 19. Nh2 Qc7 20. Bd3 axb3 21. axb3 Qb7 22.
Nhf1 Rxa1 23. Rxa1 Ra8 24. Ra2 Ra6 25. Qe2 Ne8 26. Qb2 Qa7 27. Rxa6 Qxa6 28.
Nd2 g6 29. Qb1 Qa3 30. c4 b4 31. Nf3 Nc8 32. Bc1 1/2-1/2

[Event "78th ch-ESP 2013"]
[Site "Linares ESP"]
[Date "2013.09.05"]
[Round "8.3"]
[White "Anton Guijarro, David"]
[Black "Ibarra Jerez, Jose Carlos"]
[Result "1-0"]
[WhiteElo "2570"]
[BlackElo "2538"]
[PlyCount "90"]
[EventDate "2013.08.29"]

1. d4 Nf6 2. c4 e6 3. Nc3 Bb4 4. e3 O-O 5. a3 Bxc3+ 6. bxc3 c5 7. Bd3 Nc6 8.
Ne2 b6 9. O-O Ba6 10. e4 Ne8 11. f4 f5 12. Ng3 g6 13. Be3 Nd6 14. dxc5 Nxc4 15.
Bxc4 Bxc4 16. Rf2 Qc7 17. a4 Rab8 18. cxb6 axb6 19. Rb1 Rb7 20. Rfb2 Rfb8 21.
Qd2 d6 22. Bf2 Kf8 23. exf5 exf5 24. Nf1 Bf7 25. Ne3 Ra8 26. Qd1 Ra6 27. c4 Ne7
28. Rd2 Nc8 29. Rb4 Qc6 30. Qa1 Kg8 31. Nd5 Bxd5 32. cxd5 Qe8 33. Qd1 Re7 34.
Rc2 Na7 35. Rcb2 Nc8 36. h3 Kf7 37. Kh2 Re4 38. Qc2 Rxa4 39. Rxa4 Rxa4 40. Qc7+
Kg8 41. Rc2 Ne7 42. Qxd6 Re4 43. Rc7 Nc8 44. Qf6 Re7 45. Bd4 Qf8 1-0

[Event "78th ch-ESP 2013"]
[Site "Linares ESP"]
[Date "2013.09.05"]
[Round "8.4"]
[White "Korneev, Oleg"]
[Black "Recuero Guerra, David"]
[Result "1-0"]
[WhiteElo "2625"]
[BlackElo "2454"]
[PlyCount "95"]
[EventDate "2013.08.29"]

1. e4 e5 2. Nf3 Nf6 3. Nxe5 d6 4. Nf3 Nxe4 5. d4 d5 6. Bd3 Nd6 7. O-O Be7 8. c3
O-O 9. Qc2 g6 10. Re1 c6 11. Bf4 Re8 12. Nbd2 Nd7 13. Nf1 Nf8 14. Ng3 Ne6 15.
Bh6 Ng7 16. Qd2 Ngf5 17. Bf4 Nxg3 18. hxg3 Bg4 19. Ne5 Bf5 20. Bxf5 Nxf5 21. g4
Ng7 22. g5 Ne6 23. Ng4 Kf8 24. Rxe6 fxe6 25. Re1 Bd6 26. Re3 Bxf4 27. Rf3 Ke7
28. Rxf4 Rf8 29. Rf6 Qd6 30. Ne5 Ke8 31. Qf4 Qe7 32. Ng4 Kd7 33. Ne5+ Ke8 34.
Ng4 Kd7 35. Qe3 Rae8 36. Ne5+ Kc8 37. Qf4 Qd6 38. a4 a6 39. a5 Qe7 40. b3 Qd6
41. Kh2 Rd8 42. g3 Rde8 43. Kg1 Qe7 44. c4 dxc4 45. Nxc4 e5 46. dxe5 Kb8 47.
e6+ Qc7 48. Rxf8 1-0

[Event "78th ch-ESP 2013"]
[Site "Linares ESP"]
[Date "2013.09.05"]
[Round "8.5"]
[White "Lopez Martinez, Josep Manuel"]
[Black "Astasio Lopez, David"]
[Result "0-1"]
[WhiteElo "2547"]
[BlackElo "2392"]
[PlyCount "114"]
[EventDate "2013.08.29"]

1. e4 c5 2. Nf3 e6 3. d4 cxd4 4. Nxd4 Nc6 5. Nb5 Nf6 6. N1c3 Bb4 7. a3 Bxc3+ 8.
Nxc3 d5 9. exd5 exd5 10. Bd3 d4 11. Ne2 Bf5 12. O-O Bxd3 13. Qxd3 O-O 14. Bg5
h6 15. Bh4 g5 16. Bg3 Qd5 17. f3 Nd7 18. Rad1 Nc5 19. Qb5 a6 20. Qb6 Rfd8 21.
Bf2 Qc4 22. Ng3 Ne6 23. Nf5 Kh7 24. Qxb7 Ra7 25. Qb3 Qxb3 26. cxb3 Kg6 27. g4
Rb7 28. b4 a5 29. Rfe1 axb4 30. a4 b3 31. h4 Rb4 32. h5+ Kh7 33. Rc1 Rb6 34.
Red1 Ne5 35. Bg3 Nxf3+ 36. Kf2 Nh4 37. Nxh4 gxh4 38. Bxh4 Rg8 39. Kf3 Rb4 40.
Rd3 Rxa4 41. Bf6 Rb8 42. Ke4 Ra2 43. Rd2 Re8 44. Rf2 Ra5 45. Kd3 Rd5 46. Rc6
Rd7 47. Be5 Rg8 48. Rg2 Rg5 49. Re2 Rxg4 50. Rc8 Rg8 51. Rxg8 Kxg8 52. Kc4 Rb7
53. Rf2 Rb6 54. Rf6 Rc6+ 55. Kd3 Rc5 56. Ke4 d3 57. Rxh6 Rxe5+ 0-1

[Event "78th ch-ESP 2013"]
[Site "Linares ESP"]
[Date "2013.09.05"]
[Round "8.6"]
[White "Castellanos Rodriguez, Renier"]
[Black "Alvarado Diaz, Alejandro"]
[Result "1-0"]
[WhiteElo "2510"]
[BlackElo "2313"]
[PlyCount "99"]
[EventDate "2013.08.29"]

1. e4 c5 2. Nf3 e6 3. d4 cxd4 4. Nxd4 a6 5. Bd3 Ne7 6. O-O Nbc6 7. Nxc6 Nxc6 8.
Qg4 h5 9. Qh3 Bc5 10. Be3 Qb6 11. Bxc5 Qxc5 12. Nd2 d6 13. Nb3 Qe5 14. Qe3 g5
15. c3 Qf4 16. Qb6 h4 17. f3 Rg8 18. Be2 Qf6 19. Rad1 Qd8 20. Qxd8+ Kxd8 21.
Rxd6+ Kc7 22. Rfd1 Rd8 23. Rxd8 Nxd8 24. Kf2 e5 25. Bc4 Be6 26. Bd5 Bxd5 27.
Rxd5 Nc6 28. Na5 Nxa5 29. Rxa5 b5 30. h3 Kb6 31. b4 Rc8 32. Ra3 Rd8 33. Ke2 f6
34. Ra5 Rc8 35. Kd3 Rd8+ 36. Ke2 Rc8 37. Kd2 Rd8+ 38. Kc2 Rf8 39. a4 f5 40.
exf5 Rxf5 41. axb5 axb5 42. c4 bxc4 43. Rc5 g4 44. hxg4 h3 45. gxh3 Rxf3 46.
Rxe5 Rxh3 47. Rc5 c3 48. Rxc3 Rh2+ 49. Kd3 Kb5 50. Ke4 1-0

[Event "78th ch-ESP 2013"]
[Site "Linares ESP"]
[Date "2013.09.05"]
[Round "8.8"]
[White "Alonso Rosell, Alvar"]
[Black "Andres Gonzalez, Ivan"]
[Result "1/2-1/2"]
[WhiteElo "2550"]
[BlackElo "2311"]
[PlyCount "63"]
[EventDate "2013.08.29"]

1. d4 Nf6 2. c4 e6 3. Nc3 d5 4. cxd5 exd5 5. Bg5 c6 6. Qc2 Be7 7. e3 Nbd7 8.
Bd3 Nh5 9. Bxe7 Qxe7 10. O-O-O Nb6 11. h3 g6 12. Nf3 Be6 13. Rhe1 O-O-O 14. Nd2
Kb8 15. Nb3 Ng7 16. f3 Rhe8 17. Kb1 Bc8 18. Qf2 Nf5 19. e4 Qh4 20. Qg1 Ng3 21.
exd5 Nxd5 22. Nxd5 cxd5 23. Bb5 Rxe1 24. Qxe1 Qf4 25. Rc1 Qd6 26. Qc3 Nf5 27.
g4 Ng7 28. Nc5 Ne6 29. a3 Qf4 30. Nxe6 Bxe6 31. Qc8+ Bxc8 32. Bf1 1/2-1/2

[Event "78th ch-ESP 2013"]
[Site "Linares ESP"]
[Date "2013.09.05"]
[Round "8.9"]
[White "Perez Mitjans, Orelvis"]
[Black "Villasenor Rubio, Emilio Jose"]
[Result "1/2-1/2"]
[WhiteElo "2475"]
[BlackElo "2260"]
[PlyCount "118"]
[EventDate "2013.08.29"]

1. e4 c5 2. Nf3 d6 3. d4 cxd4 4. Qxd4 Nc6 5. Bb5 Bd7 6. Bxc6 Bxc6 7. Nc3 Nf6 8.
Bg5 e6 9. O-O-O Be7 10. Qd3 O-O 11. Kb1 Qc7 12. h4 Rfc8 13. Nd4 a6 14. f4 Kh8
15. f5 Bd7 16. Nb3 Bc6 17. Nd4 Bd7 18. g4 b5 19. a3 Qc4 20. Rhg1 Rab8 21. Qxc4
Rxc4 22. e5 dxe5 23. Nf3 Be8 24. Nxe5 Rc5 25. Bf4 Rbc8 26. fxe6 fxe6 27. g5 Nd5
28. Nxd5 Rxd5 29. Rxd5 exd5 30. Rd1 Rd8 31. Be3 Kg8 32. Bb6 Rb8 33. Ba5 h6 34.
gxh6 gxh6 35. Rxd5 Bxh4 36. Rd6 Bg3 37. Bc3 h5 38. Rxa6 Rc8 39. Bd4 Bxe5 40.
Bxe5 Kf7 41. Rh6 Ke7 42. b3 Rc6 43. Rxc6 Bxc6 44. Kb2 h4 45. Kc3 Be4 46. Kb2
Ke6 47. Bb8 h3 48. c3 Bd5 49. Bc7 Kd7 50. Bg3 Kc6 51. Bh2 Be6 52. Bg1 Bd5 53.
a4 bxa4 54. bxa4 Bc4 55. Ka3 Bf1 56. Kb4 Kb7 57. c4 Bxc4 58. Kxc4 h2 59. Bxh2
Ka8 1/2-1/2

[Event "78th ch-ESP 2013"]
[Site "Linares ESP"]
[Date "2013.09.05"]
[Round "8.11"]
[White "Teran Alvarez, Ismael"]
[Black "Navarro Lopez-Menchero, Daniel"]
[Result "1-0"]
[WhiteElo "2422"]
[BlackElo "2318"]
[PlyCount "49"]
[EventDate "2013.08.29"]

1. c4 e5 2. g3 Nc6 3. Bg2 Nf6 4. Nc3 Bc5 5. a3 d6 6. e3 O-O 7. Nge2 Re8 8. Qc2
Be6 9. Nd5 Bxd5 10. cxd5 Ne7 11. Nc3 a6 12. O-O Qd7 13. b4 Bb6 14. Bb2 c6 15.
dxc6 Nxc6 16. Qd3 Qe6 17. Ne4 Rad8 18. Nxf6+ gxf6 19. Bd5 Qd7 20. f4 Ne7 21.
Bxf7+ Kxf7 22. Qxh7+ Kf8 23. Qh6+ Kf7 24. fxe5 f5 25. e6+ 1-0